000 00429nam a2200145Ia 4500
008 100204s9999 xx 000 0 und d
082 _b25985
100 _aमेहता अभय
245 _aवज्राघात
260 _b"ओरिएंटल लाँगमन , दिल्ली"
_c2001
300 _a149
630 _aवज्राघात
730 _aवज्राघात
942 _cBOOK
999 _c471166
_d471163